| 000 | 00796nam a22002177a 4500 | ||
|---|---|---|---|
| 999 |
_c16977 _d16977 |
||
| 003 | AR-CdUCM | ||
| 008 | 190507b ||||| |||| 00| 0 spa d | ||
| 040 |
_aMUNICIPALIDAD PROVINCIAL DEL CUSCO _cBIBLIOTECA MUNICIPAL DEL CUSCO |
||
| 082 |
_a90125 / _bSC29 |
||
| 100 |
_aSchrecker, Paul _936764 |
||
| 245 | _aLa estructura de la civilización / | ||
| 260 |
_aBuenos Aires / _bFondo de cultura economica, _c1957. |
||
| 300 |
_a395 paginas ; _c23 cm. |
||
| 500 | _aCivilización | ||
| 505 | _aContenido: Analisis estado de la civilizacion -- objetivo de la historia -- el proceso historico elemental -- los sectores de la civilización... | ||
| 650 |
_aEstructura _941 |
||
| 650 |
_aCivilización _91048 |
||
| 650 |
_aConocimientos _919868 |
||
| 942 |
_2ddc _cLIBROS |
||
| 945 |
_apjha _d2019-05-07 |
||